000 00328nam a2200145Ia 4500
008 230917s9999||||xx |||||||||||||| ||und||
040 _e56014
_aMAIN
041 _aEnglish
082 _a823.7 D555F:D
100 _aFlint, Kate
245 0 _aDickens
260 _aSussex
_bHarvester
_c1986
300 _axi, 158 p.
942 _cBK
999 _c57513
_d57513